Policajné právo s vysvetlivkami 1. zväzok

Bibliographic Details
Main Authors: Ivor, Jaroslav, 1952- (Author), Sobihard, Jozef, 1940- (Author)
Format: Book
Language:Slovak
PhysicalDescription:643 s. s rozličným stránkovaním 23 cm
Published: Bratislava Iura edition c2000
ISBN:8088715571
Series:Súbor platných predpisov
Subjects:

MARC

LEADER 00000nam a2200000 a 4500
001 vtls001391465
003 SK-MaSNL
005 20260301201731.0
008 251113s2000 xo r 0 slo
015 |a SNBI2001/01-00471 
020 |a 8088715571 
035 |a SNK000345743 
040 |a SNK  |b slo  |c SNK  |e AACR2 
041 0 |a slo 
044 |a xo  |c SK 
080 |a 351.74:343:343.791:656.1/.5:340.133(094.5)(094. 57)(083.133)(035)  |2 1981 
080 |a 343  |2 1981 
080 |a 343.791  |2 1981 
080 |a 656.1/.5  |2 1981 
080 |a 340.133  |2 1981 
100 1 |a Ivor, Jaroslav,  |d 1952-  |4 aut  |9 90932 
245 1 |a Policajné právo s vysvetlivkami  |n 1. zväzok  |c vypracoval autorský kolektív pod vedením Jaroslava Ivora, Jozefa Sobiharda 
260 |a Bratislava  |b Iura edition  |c c2000 
300 |a 643 s. s rozličným stránkovaním  |c 23 cm 
490 1 |a Súbor platných predpisov 
500 |a Publikácia obsahuje aktuálny právny stav do 31. januára 2000 
500 |a Voľné listy zopnuté v karisbloku 
650 0 7 |a právo policajné  |2 SNKPH  |9 582739 
650 0 7 |a polícia  |2 SNKPH  |9 1673 
650 0 7 |a trestné právo  |2 SNKPH  |9 984 
650 0 7 |a právo priestupkové  |2 SNKPH  |9 462905 
650 0 7 |a pozemná doprava  |2 SNKPH  |9 51139 
655 7 |a zákony  |2 SNKPH  |9 70186 
655 7 |a vyhlášky  |2 SNKPH  |9 70671 
655 7 |a nariadenia  |2 SNKPH  |9 70672 
700 1 |a Sobihard, Jozef,  |d 1940-  |4 aut  |9 205478 
830 0 |a Súbor platných predpisov  |9 290120 
919 |a 80-88715-57-1 
958 |a TL 
999 |c 896039  |d 897969 
952 |a SNK  |b SNK  |y VYP  |7 0  |p 17A0244081  |o snkSC 102059/1 D1  |i snkKSP 6581/2000  |0 0  |1 0  |4 0  |d 2000-06-27  |l 0  |r 2005-01-02 00:00:00  |w 2026-02-24 
952 |t P60, <03>, [BOOK], {603}  |a SNK  |b SNK  |y PREZ  |7 0  |p 17A0244080  |o snkSC 102059/1  |i snkKSP 6580/2000  |0 0  |1 0  |4 0  |d 2000-06-27  |l 0  |r 2025-09-23 00:00:00  |w 2026-02-24